লোডিং...

Chuzhi

গ্রন্থ-পঞ্জীর বিবরন
প্রধান লেখক: Devan, Attingal
বিন্যাস: Printed Book
ভাষা:English
LEADER 00356nam a22001217a 4500
005 20151026133442.0
008 150910b xxu||||| |||| 00| 0 eng d
080 |a FM  |b DEV/C 
100 |a Devan, Attingal 
245 |a Chuzhi 
942 |c BK  |6 _ 
999 |c 71601  |d 71601 
952 |0 0  |1 0  |2 udc  |4 0  |6 FM_DEVC  |7 0  |9 83428  |a UL  |b UL  |d 2015-09-10  |o FM DEV/C  |p H0000992  |r 2015-09-10  |w 2015-09-10  |y BK